|
|
|
|
| LEADER |
00795aam a22002418a 4500 |
| 001 |
00037800 |
| 005 |
20171026081023.0 |
| 008 |
170514s2015 ||||||Viesd |
| 041 |
0 |
# |
|a Vie
|
| 082 |
1 |
4 |
|a 398.240 959 7
|b T123TR
|
| 100 |
1 |
# |
|a Bùi, Văn Trực
|
| 245 |
1 |
0 |
|c Bùi Văn Trực
|a Tập truyện ngụ ngôn giáo dục kỹ năng sống
|
| 260 |
# |
# |
|a Hà Nội
|b Văn hóa - Thông tin
|c 2015
|
| 300 |
# |
# |
|a 117 tr.
|c 21 cm
|
| 653 |
# |
# |
|a Giáo dục
|
| 653 |
# |
# |
|a Truyện ngụ ngôn
|
| 653 |
# |
# |
|a Kỹ năng sống
|
| 852 |
# |
# |
|b Kho mượn
|j KM.0023032
|
| 852 |
# |
# |
|b Kho đọc
|j KD.0022164
|
| 852 |
# |
# |
|j KD.0022164
|j KM.0023032
|
| 910 |
|
|
|d 14/05/2017
|
| 980 |
# |
# |
|a Trung tâm Học liệu Lê Vũ Hùng, Trường Đại học Đồng Tháp
|